| 000 | 00347nam a2200145Ia 4500 | ||
|---|---|---|---|
| 008 | 191201s2010 xx 000 0 und d | ||
| 082 |
_a658.3 _bNAD |
||
| 100 | _aNANDHAKUMAR,B | ||
| 245 | 0 | _aDictionary of Human Resource Management | |
| 250 | _a1st | ||
| 260 |
_aN. Delhi _bExcel Books _c2010 |
||
| 300 | _a293 | ||
| 650 | _aMBA | ||
| 942 |
_2ddc _cBK |
||
| 999 |
_c4758 _d4758 |
||